000 00411nam a2200169Ia 4500
008 100917s9999 xx 000 0 und d
082 _b30152
100 _aSWAMI - RANGANATHANANDA
245 _aThe ESSENCE OF INDIAN CULTURE
260 _b---
365 _b0.5
520 _a---
630 _aThe ESSENCE OF INDIAN CULTURE
650 _a---
730 _aThe ESSENCE OF INDIAN CULTURE
942 _cBOOK
999 _c635546
_d635543